02312nam a2200265zi 450000100190000000500170001900800410003602000180007704000330009504100080012804100080013605000220014410000380016624000370020424501200024126000290036130000410039052007460043152006610117765000330183865000410187194200080191295201110192099900150203199106117097600670620250514104624.0240809s2024 sp aa |||| 0 spa|c a9788441550308 aES-BaCOPbcatcES-BaCOPerda1 aspa1 heng aQP376 b.D56 2019 aDingman, MarccDr.eauthor92524010aYour brain, explained.lSpanish.10aTu cerebro al descubiertob: lo que la neurociencia nos revela sobre el cerebro y sus rarezas c/ Dr. Marc Dingman. aMadrid :bOberon,c2024. a254 pages :billustrations ;c23 cm. aTu cerebro al descubierto te propone un viaje personal por el universo de tu materia gris. El neurocientífico Marc Dingman ofrece un curso intensivo sobre el funcionamiento del cerebro y explica las últimas investigaciones científicas orientadas a tratar de esclarecer las distintas funciones cerebrales y sus efectos sobre tu día a día. Descubrirás al mismo tiempo que ocurre cuando el cerebro no funciona como debiera y los trastornos que esto provoca, como el insomnio, el TDAH, la depresión o las adicciones. Aprenderás lo que la neurociencia está haciendo para tratar de eliminar estos trastornos, además de proporcionarte las herramientas necesarias para que tú mismo puedas defenderte de los fallos de la mente. aYour Brain, Uncovered invites you on a personal journey through the universe of your gray matter. Neuroscientist Marc Dingman offers an intensive course on how the brain works and explains the latest scientific research aimed at uncovering the various brain functions and their effects on your daily life. At the same time, you’ll discover what happens when the brain doesn’t function as it should and the disorders this can cause—such as insomnia, ADHD, depression, or addictions. You’ll learn what neuroscience is doing to try to eliminate these conditions, while also gaining the tools you need to defend yourself against the mind’s failures. 0aBrain vPopular works911753 0aNeurosciences xPopular works911755 2lcc 00102lcc4070aTBSbTBSd2025-05-14l0oQP376 DINpB05812r2025-05-14t1w2025-05-14y1zWELL COLLECTION c4665d4665